| 000 | 00662cam a22002292a 4500 | ||
|---|---|---|---|
| 001 | 022871 | ||
| 003 | AR-FADEU | ||
| 008 | 311216n2004####xxu####################dd | ||
| 020 | _a987-1004-61-3 | ||
| 092 |
_a302.23 _bJ12 |
||
| 100 | _aJacks, Nilda, coord. | ||
| 245 | _aHermanos, pero no mucho : el periodismo narra la patadoja de la fraternidad y rivalidad entre Brasil y Argentina | ||
| 260 | _aBuenos Aires | ||
| 260 | _bLa Crujía | ||
| 260 | _c2004 | ||
| 300 | _a151 p | ||
| 440 | _aInclusiones, categorías | ||
| 500 | _aIncluye bibliografía | ||
| 700 | _aMárcia B., Machado, coord. | ||
| 650 | _aCOMUNICACION; PERIODISMO | ||
| 942 | _cBDGR | ||
| 999 |
_c28566 _d28566 |
||